000 00513nam a2200181Ia 4500
001 7810
005 20260306160522.0
008 260306t2005||||xx |||||||||||||| ||spa||
041 _aESP
082 _a362.290985
_bR78
100 _aRojas Valero, Milton José
_eAUT
245 0 _aPerspectivas de género en el abuso de sustancias psicoactivas en mujeres adolescentes y jóvenes y su impacto
260 _c2005
300 _a126 páginas :
_ccm.
650 _aGEN
654 _aCPS
942 _cLIB
_dJUS
_fJUS
_2ddc
_n
999 _c7810
_d7810